[Event "AUT-chT2S 0102"]
[Site "Austria"]
[Date "2002.03.15"]
[Round "9.4"]
[White "Stoll, Thomas"]
[Black "Scheck, Rudolf"]
[Result "1-0"]
[WhiteElo "2249"]
[BlackElo "2174"]
[PlyCount "133"]
[EventDate "2001.11.10"]
[EventType "team"]
[EventRounds "11"]
[EventCountry "AUT"]
[SourceTitle "EXT 2003"]
[Source "ChessBase"]
[SourceDate "2002.11.25"]
[SourceVersion "1"]
[SourceVersionDate "2002.11.25"]
[SourceQuality "1"]

1. e4 c5 2. Nf3 d6 3. d4 cxd4 4. Nxd4 Nf6 5. Nc3 Nc6 6. g3 e5 7. Nb3 Be6 8. Bg2 Bc4 9. Nd5 Be7 10. Ne3 Be6 11. 0-0 0-0 12. Kh1 a5 13. c4 a4 14. Nd2 Qa5 15. f4 Qc5 16. Nd5 Bxd5 17. exd5 Nd4 18. Rb1 Nd7 19. fxe5 dxe5 20. b3 axb3 21. Nxb3 Qxc4 22. Nxd4 exd4 23. Rxb7 Rad8 24. Bb2 Bc5 25. Qg4 Qxa2 26. Bxd4 Bxd4 27. Qxd4 Nf6 28. d6 Qe2 29. Rbb1 Qa6 30. Rbd1 Rfe8 31. Bd5 Kf8 32. Bc4 Qc6+ 33. Kg1 Re4 34. Bd5 Rxd4 35. Bxc6 R4xd6 36. Rxd6 Rxd6 37. Bg2 h5 38. h3 g6 39. Kh2 Rd2 40. Rxf6 Kg7 41. Ra6 Rd7 42. Kg1 Rc7 43. Rb6 Rc3 44. Kh2 Rc2 45. Rb5 Ra2 46. Rb3 Kh6 47. Rf3 f5 48. Rf4 Kg5 49. Kg1 Ra6 50. Bf1 Ra2 51. Rd4 Rb2 52. Rd6 Rb4 53. h4+ Kh6 54. Be2 Rb2 55. Kf2 Rb3 56. Bd3 Kg7 57. Ke3 Rb4 58. Rc6 Rg4 59. Kf3 Rd4 60. Ke3 Rg4 61. Kf3 Rd4 62. Be2 Ra4 63. Bc4 Ra3+ 64. Kf4 Rc3 65. Bd5 Rd3 66. Rc7+ Kh6 67. Bg8 1-0

[Event "AUT-chT2S 0102"]
[Site "Austria"]
[Date "2002.??.??"]
[Round "5"]
[White "Scheck, Rudolf"]
[Black "Hebesberger, Thomas"]
[Result "0-1"]
[WhiteElo "2174"]
[BlackElo "2251"]
[PlyCount "58"]
[EventDate "2001.11.10"]
[EventType "team"]
[EventRounds "11"]
[EventCountry "AUT"]
[SourceTitle "EXT 2003"]
[Source "ChessBase"]
[SourceDate "2002.11.25"]
[SourceVersion "1"]
[SourceVersionDate "2002.11.25"]
[SourceQuality "1"]

1. e4 c5 2. Nf3 d6 3. d4 cxd4 4. Nxd4 Nf6 5. Nc3 g6 6. Be3 Bg7 7. f3 Nc6 8. Qd2 Bd7 9. Bc4 0-0 10. 0-0-0 Ne5 11. Bb3 Qa5 12. Kb1 Rfc8 13. h4 b5 14. Nd5 Qxd2 15. Rxd2 Nxd5 16. Bxd5 Rab8 17. h5 e6 18. Bb3 a5 19. hxg6 hxg6 20. a3 a4 21. Ba2 b4 22. axb4 Rxb4 23. Ne2 Nc4 24. Bxc4 Rxb2+ 25. Kc1 Rxc4 26. Rxd6 Rcxc2+ 27. Kd1 Rxe2 28. Bc1 Rxg2 29. Rxd7 Rb1 0-1

[Event "AUT-chT2S 0102"]
[Site "Austria"]
[Date "2001.11.11"]
[Round "4.4"]
[White "Ragger, Markus"]
[Black "Scheck, Rudolf"]
[Result "1/2-1/2"]
[WhiteElo "2119"]
[BlackElo "2174"]
[PlyCount "31"]
[EventDate "2001.11.10"]
[EventType "team"]
[EventRounds "11"]
[EventCountry "AUT"]
[SourceTitle "EXT 2003"]
[Source "ChessBase"]
[SourceDate "2002.11.25"]
[SourceVersion "1"]
[SourceVersionDate "2002.11.25"]
[SourceQuality "1"]

1. e4 c5 2. c3 e6 3. d4 d5 4. exd5 exd5 5. Nf3 Nf6 6. Be2 Nc6 7. 0-0 c4 8. Ne5 Bd6 9. f4 Bf5 10. Nd2 Ne4 11. Ndf3 f6 12. Nxc6 bxc6 13. Re1 0-0 14. Nh4 Bd7 15. Nf3 Re8 16. Qc2 1/2-1/2

[Event "AUT-chT2S 0102"]
[Site "Austria"]
[Date "2001.10.06"]
[Round "1.4"]
[White "Scheck, Rudolf"]
[Black "Pilaj, Herwig"]
[Result "1/2-1/2"]
[WhiteElo "2174"]
[BlackElo "2297"]
[PlyCount "39"]
[EventDate "2001.11.10"]
[EventType "team"]
[EventRounds "11"]
[EventCountry "AUT"]
[SourceTitle "EXT 2003"]
[Source "ChessBase"]
[SourceDate "2002.11.25"]
[SourceVersion "1"]
[SourceVersionDate "2002.11.25"]
[SourceQuality "1"]

1. e4 c5 2. Nf3 e6 3. d4 cxd4 4. Nxd4 Nc6 5. Nc3 a6 6. Be2 Qc7 7. f4 d6 8. Be3 Nf6 9. 0-0 Be7 10. Kh1 0-0 11. Qe1 Nxd4 12. Bxd4 b5 13. Qg3 Bb7 14. e5 dxe5 15. Bxe5 Qb6 16. Bf3 Bxf3 17. Rxf3 Qc6 18. Re1 b4 19. Ne4 Ne8 20. c3 1/2-1/2

[Event "AUT-chT2S 0001"]
[Site "Austria"]
[Date "2001.02.25"]
[Round "8"]
[White "Petschar, Kurt"]
[Black "Scheck, Rudolf"]
[Result "1-0"]
[WhiteElo "2316"]
[BlackElo "2204"]
[PlyCount "63"]
[EventDate "2000.??.??"]
[EventType "team"]
[EventRounds "11"]
[EventCountry "AUT"]
[SourceTitle "EXT 2002"]
[Source "ChessBase"]
[SourceDate "2001.11.25"]
[SourceVersion "1"]
[SourceVersionDate "2001.11.25"]
[SourceQuality "1"]

1. e4 c5 2. Nf3 d6 3. d4 cxd4 4. Nxd4 Nf6 5. Nc3 Nc6 6. Bg5 e6 7. Qd2 a6 8. 0-0-0 Bd7 9. f3 b5 10. Nxc6 Bxc6 11. Ne2 Be7 12. Nd4 Bb7 13. h4 d5 14. e5 Nd7 15. Qe3 Rc8 16. Kb1 h6 17. Bxe7 Qxe7 18. Bd3 Nb8 19. f4 Nc6 20. f5 Qc5 21. c3 Kd7 22. Qg3 Rhg8 23. Rhf1 g6 24. fxe6+ fxe6 25. Nxc6 Kxc6 26. Rf6 Qe7 27. Qg4 Kd7 28. Bxg6 Rcf8 29. Rdf1 Bc8 30. Qd4 Kc6 31. Bf7 Rg7 32. Bxe6 1-0

[Event "AUT-chT2S 9899"]
[Site "Austria"]
[Date "1999.01.24"]
[Round "6.4"]
[White "Riemelmoser, Franz"]
[Black "Scheck, Rudolf"]
[Result "0-1"]
[WhiteElo "2210"]
[BlackElo "2175"]
[PlyCount "102"]
[EventDate "1998.10.??"]
[EventType "team"]
[EventRounds "11"]
[EventCountry "AUT"]
[SourceTitle "EXT 2001"]
[Source "ChessBase"]
[SourceDate "2000.11.22"]
[SourceVersion "1"]
[SourceVersionDate "2000.11.22"]
[SourceQuality "1"]

1. d4 Nf6 2. c4 g6 3. g3 Bg7 4. Bg2 0-0 5. Nc3 d6 6. Nf3 Nbd7 7. 0-0 e5 8. e3 Re8 9. b3 c6 10. Ba3 Qa5 11. Bb2 Rb8 12. a3 b5 13. b4 Qd8 14. dxe5 dxe5 15. Qe2 a6 16. Nd2 c5 17. cxb5 axb5 18. Nb3 cxb4 19. axb4 Bb7 20. Ra5 Bxg2 21. Kxg2 Bf8 22. Ba3 Nb6 23. Rxb5 Nbd5 24. Nxd5 Nxd5 25. Rd1 Rxb5 26. Qxb5 Nxe3+ 27. fxe3 Qxd1 28. Qxe8 Qxb3 29. Qa8 Qxe3 30. Qf3 Qd2+ 31. Qf2 Bxb4 32. Qxd2 Bxd2 33. Kf3 f5 34. Bb2 e4+ 35. Ke2 Bh6 36. Bd4 Kf7 37. Bc5 Ke6 38. Bb6 f4 39. gxf4 Bxf4 40. Bg1 Kf5 41. Kf2 g5 42. h3 h5 43. Kg2 e3 44. Kf3 g4+ 45. Kg2 Ke4 46. Bf2 exf2 47. Kxf2 g3+ 48. Kg2 h4 49. Kh1 Kf3 50. Kg1 Be3+ 51. Kh1 g2+ 0-1

[Event "AUT-chT2S 9899"]
[Site "Austria"]
[Date "1999.01.23"]
[Round "5.1"]
[White "Schroecker, Maria Luise"]
[Black "Scheck, Rudolf"]
[Result "1/2-1/2"]
[WhiteElo "2095"]
[BlackElo "2175"]
[PlyCount "45"]
[EventDate "1998.10.??"]
[EventType "team"]
[EventRounds "11"]
[EventCountry "AUT"]
[SourceTitle "EXT 2001"]
[Source "ChessBase"]
[SourceDate "2000.11.22"]
[SourceVersion "1"]
[SourceVersionDate "2000.11.22"]
[SourceQuality "1"]

1. d4 Nf6 2. Nf3 g6 3. c4 Bg7 4. Nc3 d5 5. Bg5 Ne4 6. cxd5 Nxc3 7. bxc3 Qxd5 8. g3 Bf5 9. Bg2 Be4 10. Qb3 Qxb3 11. axb3 c5 12. 0-0 Nc6 13. dxc5 Bxc3 14. Rac1 Bb2 15. Rcd1 Rc8 16. Be3 Bf6 17. Ne1 Bxg2 18. Kxg2 Rc7 19. Nc2 0-0 20. b4 a6 21. Bf4 Be5 22. Bh6 Bg7 23. Bf4 1/2-1/2

[Event "AUT-chT2S 9899"]
[Site "Austria"]
[Date "1998.11.22"]
[Round "4.4"]
[White "Scheck, Rudolf"]
[Black "Egartner, Wolfgang"]
[Result "1/2-1/2"]
[WhiteElo "2175"]
[BlackElo "2145"]
[PlyCount "32"]
[EventDate "1998.10.??"]
[EventType "team"]
[EventRounds "11"]
[EventCountry "AUT"]
[SourceTitle "EXT 2001"]
[Source "ChessBase"]
[SourceDate "2000.11.22"]
[SourceVersion "1"]
[SourceVersionDate "2000.11.22"]
[SourceQuality "1"]

1. e4 c5 2. Nf3 e6 3. d4 cxd4 4. Nxd4 Nc6 5. Nc3 a6 6. Be2 Nge7 7. 0-0 Nxd4 8. Qxd4 Nc6 9. Qd3 Qc7 10. Be3 Be7 11. f4 d6 12. Bf3 0-0 13. Qd2 b5 14. a4 b4 15. Ne2 Rb8 16. Nd4 Nxd4 1/2-1/2

[Event "AUT-chT2S 9798"]
[Site "Austria"]
[Date "1997.12.06"]
[Round "5"]
[White "Schigan, Manfred"]
[Black "Scheck, Rudolf"]
[Result "1/2-1/2"]
[WhiteElo "2290"]
[BlackElo "2180"]
[PlyCount "80"]
[EventDate "1997.??.??"]
[EventType "team"]
[EventRounds "11"]
[EventCountry "AUT"]
[SourceTitle "EXT 1999"]
[Source "ChessBase"]
[SourceDate "1998.11.16"]
[SourceVersion "1"]
[SourceVersionDate "1998.11.16"]
[SourceQuality "1"]

1. e4 c5 2. c3 Nf6 3. e5 Nd5 4. d4 cxd4 5. Nf3 Nc6 6. cxd4 d6 7. Be2 e6 8. 0-0 Be7 9. Re1 0-0 10. exd6 Qxd6 11. Nc3 b6 12. Ne4 Qd8 13. Bd2 Bb7 14. Rc1 Rc8 15. Qa4 a6 16. Qb3 Nf6 17. Ng3 Nxd4 18. Nxd4 Qxd4 19. Be3 Qd5 20. Qxd5 Nxd5 21. Bf3 b5 22. Bd4 Rxc1 23. Rxc1 Rc8 24. Rxc8+ Bxc8 25. Ne4 f5 26. Nc5 Nb4 27. a3 Nc2 28. Nb3 Nxd4 29. Nxd4 Kf8 30. Nc2 Bf6 31. b3 Ke7 32. Kf1 Kd6 33. Ke2 e5 34. Kd2 e4 35. Be2 Be6 36. a4 Bxb3 37. axb5 a5 38. Ne3 g6 39. Nc4+ Bxc4 40. Bxc4 g5 1/2-1/2

[Event "AUT-chT2S 9798"]
[Site "Austria"]
[Date "1997.10.04"]
[Round "1"]
[White "Scheck, Rudolf"]
[Black "Genser, Harald"]
[Result "1/2-1/2"]
[WhiteElo "2180"]
[BlackElo "2145"]
[PlyCount "34"]
[EventDate "1997.??.??"]
[EventType "team"]
[EventRounds "11"]
[EventCountry "AUT"]
[SourceTitle "EXT 1999"]
[Source "ChessBase"]
[SourceDate "1998.11.16"]
[SourceVersion "1"]
[SourceVersionDate "1998.11.16"]
[SourceQuality "1"]

1. Nf3 Nf6 2. g3 g6 3. Bg2 Bg7 4. 0-0 0-0 5. c4 d6 6. d4 c6 7. Nc3 Qb6 8. h3 Na6 9. e4 e5 10. Re1 Re8 11. Rb1 exd4 12. Na4 Qd8 13. Nxd4 Nc7 14. b4 Be6 15. Qc2 Nd7 16. Be3 Ne5 17. c5 Nc4 1/2-1/2

[Event "AUT-chT2S 9697"]
[Site "Austria"]
[Date "1997.??.??"]
[Round "9"]
[White "Hafner, Robert"]
[Black "Scheck, Rudolf"]
[Result "1/2-1/2"]
[WhiteElo "2185"]
[BlackElo "2070"]
[PlyCount "40"]
[EventDate "1996.??.??"]
[EventType "team"]
[EventRounds "11"]
[EventCountry "AUT"]
[SourceTitle "EXT 1999"]
[Source "ChessBase"]
[SourceDate "1998.11.16"]
[SourceVersion "1"]
[SourceVersionDate "1998.11.16"]
[SourceQuality "1"]

1. d4 Nf6 2. c4 g6 3. Nc3 Bg7 4. e4 d6 5. Nf3 0-0 6. Be2 e5 7. 0-0 Nbd7 8. Be3 exd4 9. Nxd4 Re8 10. f3 c6 11. Qd2 d5 12. cxd5 cxd5 13. exd5 Nb6 14. Bf2 Nbxd5 15. Nxd5 Qxd5 16. Rfd1 Bd7 17. Bf1 Red8 18. Qe1 Re8 19. Qd2 Red8 20. Qe1 Re8 1/2-1/2

[Event "AUT-chT2S 9697"]
[Site "Austria"]
[Date "1996.??.??"]
[Round "7"]
[White "Kornprat, Manfred"]
[Black "Scheck, Rudolf"]
[Result "0-1"]
[WhiteElo "2040"]
[BlackElo "2185"]
[PlyCount "116"]
[EventDate "1996.??.??"]
[EventType "team"]
[EventRounds "11"]
[EventCountry "AUT"]
[SourceTitle "EXT 1999"]
[Source "ChessBase"]
[SourceDate "1998.11.16"]
[SourceVersion "1"]
[SourceVersionDate "1998.11.16"]
[SourceQuality "1"]

1. e4 c5 2. Nf3 Nc6 3. Bb5 Nf6 4. e5 Nd5 5. 0-0 g6 6. Nc3 Nc7 7. Bxc6 dxc6 8. d3 Bg7 9. Bf4 0-0 10. h3 Be6 11. Qd2 Bd5 12. Nxd5 Qxd5 13. Bh6 Ne6 14. Bxg7 Kxg7 15. Rfe1 Rfd8 16. Qe3 c4 17. dxc4 Qxc4 18. Qe2 Qxe2 19. Rxe2 h5 20. h4 Rd5 21. g3 Rad8 22. Kg2 a5 23. Rae1 Rb5 24. b3 Rc5 25. a4 Rc3 26. Ng5 Nd4 27. Rd1 Rd5 28. Red2 Nxc2 29. Rxd5 cxd5 30. Rxd5 Rxb3 31. Rxa5 Nd4 32. Rd5 Nf5 33. Rd7 Rb2 34. Kf1 Kf8 35. Rd8+ Kg7 36. Rd7 Rb1+ 37. Kg2 Rb2 38. Kf1 Kf8 39. Rd8+ Kg7 40. Rd7 Rb4 41. a5 Rb5 42. e6 f6 43. Nh3 Rxa5 44. Rxb7 Re5 45. Nf4 Kh6 46. Rb2 g5 47. hxg5+ fxg5 48. Re2 Rxe2 49. Nxe2 Kg6 50. Nc3 Nd4 51. Nd5 Nc6 52. Kg2 Kf5 53. Kh3 Kxe6 54. Nxe7 Kxe7 55. f4 g4+ 56. Kh4 Kf6 57. Kxh5 Kf5 58. Kh6 Nd4 0-1

[Event "AUT-chT2S 9697"]
[Site "Austria"]
[Date "1996.??.??"]
[Round "1"]
[White "Probat, Bernd"]
[Black "Scheck, Rudolf"]
[Result "0-1"]
[WhiteElo "2185"]
[BlackElo "2155"]
[PlyCount "74"]
[EventDate "1996.??.??"]
[EventType "team"]
[EventRounds "11"]
[EventCountry "AUT"]
[SourceTitle "EXT 1999"]
[Source "ChessBase"]
[SourceDate "1998.11.16"]
[SourceVersion "1"]
[SourceVersionDate "1998.11.16"]
[SourceQuality "1"]

1. e4 c5 2. c3 e6 3. d4 d5 4. exd5 exd5 5. Bb5+ Bd7 6. Qe2+ Qe7 7. Bxd7+ Nxd7 8. Na3 cxd4 9. Qxe7+ Kxe7 10. cxd4 Kf6 11. Nc2 Bd6 12. Nf3 Re8+ 13. Be3 Ne7 14. 0-0 Nc6 15. Bd2 Nb6 16. Rfe1 h6 17. Rxe8 Rxe8 18. Re1 Re4 19. Bc3 Ke6 20. Ne3 Kd7 21. Nf5 Bf8 22. Ng3 Rxe1+ 23. Nxe1 Na4 24. Nc2 b5 25. Ne3 b4 26. Bd2 Nxb2 27. Nxd5 Nc4 28. Be3 a5 29. Ne4 a4 30. Nd2 N6a5 31. Nb1 Kc6 32. Nf4 a3 33. d5+ Kd6 34. Bd4 g5 35. Ne2 Kxd5 36. Kf1 Bd6 37. Nc1 Kxd4 0-1

[Event "AUT-chT2S 9697"]
[Site "Austria"]
[Date "1996.??.??"]
[Round "4"]
[White "Scheck, Rudolf"]
[Black "Smole, Albert"]
[Result "0-1"]
[WhiteElo "2185"]
[BlackElo "2160"]
[PlyCount "73"]
[EventDate "1996.??.??"]
[EventType "team"]
[EventRounds "11"]
[EventCountry "AUT"]
[SourceTitle "EXT 1999"]
[Source "ChessBase"]
[SourceDate "1998.11.16"]
[SourceVersion "1"]
[SourceVersionDate "1998.11.16"]
[SourceQuality "1"]

1. e4 e5 2. Nf3 Nf6 3. d4 Nxe4 4. Bd3 Nc6 5. d5 Nc5 6. dxc6 e4 7. cxb7 Bxb7 8. Be2 exf3 9. Bxf3 Bxf3 10. Qxf3 Be7 11. 0-0 0-0 12. c4 Rb8 13. Nc3 Bf6 14. Rb1 Re8 15. Nd5 Be5 16. Bf4 Bxf4 17. Qxf4 c6 18. Nc3 a5 19. b3 Qe7 20. Qd2 Qf6 21. Rfe1 h6 22. h3 Rbd8 23. Re3 Re6 24. Rbe1 Rde8 25. Rxe6 Rxe6 26. Re3 Qf4 27. Ne2 Qg5 28. Nd4 Rxe3 29. Qxe3 Qxe3 30. fxe3 Nd3 31. Nf5 Nc1 32. Nd6 Nxa2 33. Nb7 Kf8 34. Nxa5 Ke7 35. Kf1 c5 36. Ke1 d6 37. Nc6+ 0-1

[Event "AUT-chT2S 9697"]
[Site "Austria"]
[Date "1996.??.??"]
[Round "6"]
[White "Scheck, Rudolf"]
[Black "Waldmann, Gerald"]
[Result "1/2-1/2"]
[WhiteElo "2185"]
[BlackElo "2175"]
[PlyCount "26"]
[EventDate "1996.??.??"]
[EventType "team"]
[EventRounds "11"]
[EventCountry "AUT"]
[SourceTitle "EXT 1999"]
[Source "ChessBase"]
[SourceDate "1998.11.16"]
[SourceVersion "1"]
[SourceVersionDate "1998.11.16"]
[SourceQuality "1"]

1. e4 e6 2. d4 d5 3. Nd2 Nf6 4. e5 Nfd7 5. f4 c5 6. c3 Nc6 7. Ndf3 Qb6 8. g3 cxd4 9. cxd4 Be7 10. Kf2 0-0 11. Kg2 f6 12. Bd3 Kh8 13. Bb1 g5 1/2-1/2

[Event "AUT-chT2S 9394"]
[Site "Austria"]
[Date "1994.??.??"]
[Round "?"]
[White "Schantl, Peter"]
[Black "Scheck, Rudolf"]
[Result "1/2-1/2"]
[WhiteElo "2060"]
[BlackElo "2200"]
[PlyCount "101"]
[EventDate "1993.??.??"]
[EventType "team"]
[EventRounds "11"]
[EventCountry "AUT"]
[SourceTitle "EXT 1998"]
[Source "ChessBase"]
[SourceDate "1997.11.17"]
[SourceVersion "1"]
[SourceVersionDate "1997.11.17"]
[SourceQuality "1"]

1. Nf3 Nf6 2. c4 g6 3. Nc3 Bg7 4. g3 0-0 5. Bg2 d6 6. 0-0 Nbd7 7. Rb1 a5 8. a3 e5 9. d3 Nc5 10. b4 axb4 11. axb4 Ne6 12. Nd2 c6 13. b5 Qc7 14. e3 Nc5 15. Nb3 Bg4 16. f3 Nxb3 17. Qxb3 Bf5 18. e4 Be6 19. Be3 Qa5 20. Bc1 Rfd8 21. Bb2 d5 22. Ra1 Qb6+ 23. Kh1 Rxa1 24. Rxa1 Qe3 25. Qb4 d4 26. Na4 Qxd3 27. bxc6 bxc6 28. Qb6 Rc8 29. Nc5 Qxc4 30. Bf1 Qc2 31. Nxe6 fxe6 32. Qb7 Rf8 33. Bh3 Qe2 34. Qb3 Kh8 35. Ba3 Re8 36. Bf1 Qe3 37. Qxe3 dxe3 38. Bc5 Bh6 39. Ra7 Rb8 40. Be7 Ne8 41. Ba3 Rd8 42. Be7 Rd1 43. Kg2 Rd2+ 44. Kh3 e2 45. Bxe2 Rxe2 46. Ra8 Kg7 47. Rxe8 Be3 48. Bd6 Kf6 49. Rf8+ Kg7 50. Rc8 Kf6 51. Rf8+ 1/2-1/2

[Event "AUT-chT2S 9394"]
[Site "Austria"]
[Date "1994.??.??"]
[Round "?"]
[White "Scheck, Rudolf"]
[Black "Weiss, Leo"]
[Result "1/2-1/2"]
[WhiteElo "2200"]
[BlackElo "2285"]
[PlyCount "58"]
[EventDate "1993.??.??"]
[EventType "team"]
[EventRounds "11"]
[EventCountry "AUT"]
[SourceTitle "EXT 1998"]
[Source "ChessBase"]
[SourceDate "1997.11.17"]
[SourceVersion "1"]
[SourceVersionDate "1997.11.17"]
[SourceQuality "1"]

1. e4 d6 2. d4 Nf6 3. Nc3 g6 4. f4 Bg7 5. Nf3 0-0 6. Bd3 Nc6 7. 0-0 Bg4 8. e5 dxe5 9. dxe5 Nd5 10. h3 Nxc3 11. bxc3 Bf5 12. Bxf5 gxf5 13. Qxd8 Rfxd8 14. Be3 Na5 15. Rfd1 b6 16. Kf2 e6 17. g4 fxg4 18. hxg4 Nc6 19. Ng5 Rxd1 20. Rxd1 Rd8 21. Rd3 Rd5 22. Ne4 Kf8 23. Ng5 h6 24. Rxd5 exd5 25. Nf3 Ke7 26. Nd4 Kd7 27. Nf5 Bf8 28. Kg3 Na5 29. Kh4 Nc4 1/2-1/2

[Event "AUT Landes-ch"]
[Site "Austria"]
[Date "1993.??.??"]
[Round "3"]
[White "Scheck, Rudolf"]
[Black "Ebner, Hubert"]
[Result "1/2-1/2"]
[WhiteElo "2195"]
[BlackElo "2275"]
[PlyCount "131"]
[EventDate "1993.??.??"]
[EventType "swiss"]
[EventRounds "9"]
[EventCountry "AUT"]
[SourceTitle "EXT 2004"]
[Source "ChessBase"]
[SourceDate "2003.11.25"]
[SourceVersion "1"]
[SourceVersionDate "2003.11.25"]
[SourceQuality "1"]

1. e4 c5 2. Nf3 d6 3. d4 cxd4 4. Nxd4 Nf6 5. Nc3 g6 6. Be3 Bg7 7. f3 0-0 8. Qd2 Nc6 9. Bc4 Bd7 10. 0-0-0 Ne5 11. Bb3 Rc8 12. h4 Nc4 13. Bxc4 Rxc4 14. h5 Nxh5 15. g4 Nf6 16. Nb3 Qc7 17. e5 dxe5 18. g5 Bf5 19. gxf6 exf6 20. Bh6 g5 21. Bxg7 Kxg7 22. Qe3 b5 23. Nd2 Rd4 24. Nde4 Qb6 25. Rd3 Rc8 26. Rhd1 b4 27. Ne2 Rxd3 28. Qxd3 h5 29. N2g3 Bg6 30. Nf1 Qc6 31. Ne3 g4 32. Nd5 Rd8 33. Qb3 gxf3 34. Nf2 Qc5 35. Rd2 Rd6 36. Qxf3 a5 37. Ne4 Qg1+ 38. Rd1 Qxd1+ 39. Qxd1 Bxe4 40. Qg1+ Bg6 41. Ne3 Kh7 42. Nc4 Rd4 43. Nxa5 f5 44. Nc6 Rg4 45. Qh2 e4 46. Nxb4 Kh6 47. Nd5 Kg5 48. Ne3 f4 49. Nxg4 hxg4 50. b4 g3 51. Qg1 Bh5 52. b5 Bf3 53. a4 e3 54. a5 Be2 55. b6 Ba6 56. Qg2 Kg4 57. Qd5 f5 58. b7 Bxb7 59. Qxb7 f3 60. Qg7+ Kh3 61. Qh7+ Kg2 62. Qxf5 f2 63. Qe4+ Kh2 64. Qh4+ Kg2 65. Qe4+ Kh2 66. Qh4+ 1/2-1/2

[Event "Oberwart op"]
[Site "Oberwart"]
[Date "1993.??.??"]
[Round "5"]
[White "Scheck, Rudolf"]
[Black "Kiss, Attila"]
[Result "0-1"]
[WhiteElo "2200"]
[BlackElo "2345"]
[PlyCount "90"]
[EventDate "1993.07.??"]
[EventType "swiss"]
[EventRounds "9"]
[EventCountry "AUT"]
[SourceTitle "EXT 1998"]
[Source "ChessBase"]
[SourceDate "1997.11.17"]
[SourceVersion "1"]
[SourceVersionDate "1997.11.17"]
[SourceQuality "1"]

1. e4 d5 2. exd5 Nf6 3. c4 e6 4. Nc3 exd5 5. d4 Be7 6. Nf3 0-0 7. Bd3 dxc4 8. Bxc4 Bg4 9. 0-0 Nc6 10. d5 Ne5 11. Be2 Bxf3 12. Bxf3 Bd6 13. Bg5 h6 14. Bh4 Ng6 15. Bg3 a6 16. Rc1 Re8 17. Qb3 b5 18. Rfd1 Ne5 19. Bxe5 Rxe5 20. Ne2 Ne4 21. Nd4 Qg5 22. Qd3 Rae8 23. g3 Nc5 24. Qf1 Qf6 25. Bg2 g5 26. Rc2 g4 27. b3 h5 28. Nc6 Rf5 29. Nd4 Rfe5 30. Nc6 Rg5 31. Re2 Rxe2 32. Qxe2 Kg7 33. Re1 Rf5 34. Qd2 Nd7 35. Be4 Rg5 36. Bb1 Bc5 37. Qc2 Rxd5 38. Re8 Qxf2+ 39. Qxf2 Rd1+ 40. Kg2 Bxf2 41. Kxf2 Rxb1 42. Re7 Rb2+ 43. Ke3 Nf6 44. Kd4 Rd2+ 45. Kc3 Rd6 0-1

[Event "AUT-chT2S 9293"]
[Site "Austria"]
[Date "1993.??.??"]
[Round "?"]
[White "Supancic, Darko"]
[Black "Scheck, Rudolf"]
[Result "1-0"]
[WhiteElo "2375"]
[BlackElo "2195"]
[PlyCount "67"]
[EventDate "1992.??.??"]
[EventType "team"]
[EventRounds "11"]
[EventCountry "AUT"]
[SourceTitle "EXT 1998"]
[Source "ChessBase"]
[SourceDate "1997.11.17"]
[SourceVersion "1"]
[SourceVersionDate "1997.11.17"]
[SourceQuality "1"]

1. d4 Nf6 2. Nf3 g6 3. Bg5 Bg7 4. Nbd2 d5 5. e3 0-0 6. Bd3 c5 7. c3 Qb6 8. Qb3 Nc6 9. 0-0 Qxb3 10. axb3 cxd4 11. exd4 Bf5 12. Bxf5 gxf5 13. Bxf6 Bxf6 14. b4 b6 15. Ra6 Nb8 16. Ra2 Rc8 17. Rfa1 a6 18. g3 Ra7 19. Ne5 Rb7 20. Nb3 e6 21. f4 Bd8 22. Nd3 f6 23. Nd2 Kf7 24. Nf1 Bc7 25. Ne3 Bd6 26. Kf2 Be7 27. Re1 Bd6 28. Re2 Rbc7 29. Ra1 Re8 30. Rae1 Nc6 31. Nxd5 Rb7 32. Ne3 a5 33. Nxf5 Bf8 34. d5 1-0